00752nam a2200241Ia 4500003000900000008004100009040001300050040001300063041000800076100001900084245007700103250000900180260002100189260000900210300001100219300001000230490002600240490000600266600001500272942000700287999001700294952019900311IT-RoPAU120407s9999 xx 000 0 und d aIT-RoPAU cIT-RoPAU aita aJean Guglielmi a"L’insegnamento programmatico nella scuola. Saggio di psicopedagogia." aRoma aEdizioni Paoline c1972 a184 p. c18 cm aPsycologica, III, 35. v1 a1. titolo. cBK c27596d27596 00102ddc406150_23500000000000071aPAULUSbPAULUSd2012-04-11l0o150.235r2012-04-11 00:00:00w2012-04-11yBKzInserito da: Anna In data: 12 settembre 2011 fondo: Via A.Severo 56 Progr:17612